| 000 | 01010nam a22002651u 4500 | ||
|---|---|---|---|
| 001 | 12306 | ||
| 003 | HDC | ||
| 007 | cr bn --- | ||
| 008 | 210209p2004 my eng | ||
| 040 | _aHDC | ||
| 100 |
_aChua, Hun Pin, _eauthor _912764 |
||
| 245 | 0 |
_aEffects of frozen storage and organic acid solution dipping treatment on the quality of Sarawak raw fish salad (umai) from red tilapia / _cby Chua Hun Pin and Saniah Kormin |
|
| 260 |
_aSerdang : _bMalaysian Agricultural Research and Development Institute (MARDI), _c2004 |
||
| 300 | _a1 page | ||
| 336 |
_atext _2rdacontent |
||
| 337 |
_acomputer _2rdamedia |
||
| 338 |
_aonline resource _2rdacarrier |
||
| 650 |
_aFrozen treatment _912847 |
||
| 650 |
_aOrganic acid _912848 |
||
| 650 |
_aRed tilapia _912846 |
||
| 856 | _zRequest full-text at [email protected] | ||
| 942 | _2lcc | ||
| 942 | _cAR | ||
| 942 | _kJART 003085 | ||
| 999 |
_c9629 _d9629 |
||